000 00436nam a2200181Ia 4500
001 4702
005 20260306145815.0
008 260306t2015||||xx |||||||||||||| ||spa||
041 _aESP
082 _a330.01
_bB45
100 _aBerumen, Sergio A.
_eAUT
245 0 _aLecciones de economía para no economistas
260 _c2015
300 _a479 páginas :
_c24 cm.
650 _aGEN
654 _aCAN
942 _cLIB
_dJUS
_fJUS
_2ddc
_n
999 _c4702
_d4702